000 00449nam a2200181Ia 4500
005 20250224013525.0
008 240331s9999 xx 000 0 und d
020 _a9559429353
082 _bKAN
_24893
_a954
100 _aKanapathipillai, K
245 0 _aIlankai Val Thamilar Varalaru
260 _aColombo
_bKumaran Book House
_c2003
300 _a70 p.,
650 _aHistory
650 _aSri Lankan Tamil
650 _aLiberation
942 _cL
999 _c4269
_d4269